• 首页
  • 本馆介绍
  • 公告通知
  • 最新文献
  • 馆藏检索
  • 电子资源
  • 读者导购
  • 参考咨询
  • 我的图书馆
  • 登录
  • 详细信息显示
  • 放入我的书架
  • 预约/预借图书
  • 作者相关作品
  • 分类相关作品
  • 丛书相关作品
  • 出版社相关作品

书目信息

  • 表格格式
  • 工作单格式
  • 卡片格式
题名:
势利
    
 
作者: 艾本斯坦 著 ;晓荣 , 董欣梅 译
分册:  
出版信息: 北京   社会科学文献出版社  2007
页数: 241页
开本: 24cm
丛书名:
单 册:
中图分类: D771.28 , D771.26
科图分类:
主题词: 社会问题--研究--美国--现代 , 社会问题
电子资源:
ISBN: 978-7-80230-542-7
000 01162nam0 2200289 450
001 1538496080
005 20150120104207.84
010    @a978-7-80230-542-7@dCNY28.00
100    @a20070318d2007 em y0chiy50 ea
101 1  @achi@ceng
102    @aCN@b110000
105    @ay z 000yy
200 1  @a势利@9shi li@e当代美国上流社会解读@dSnobbery@ethe American version@f艾本斯坦(Epatein)著@g晓荣,董欣梅译@zeng
210    @a北京@c社会科学文献出版社@d2007
215    @a241页@d24cm
330    @a本书通过对当代美国流行风尚的描写和调侃,呈现了当代美国文化生活的细致入微之处,揭露了存在于表象背后的运行机制——势利。书中观察延伸到了美国社会的方方面面,考察了美国流行风尚的演变,揭示了后现代社会中新的阶层划分标准。
510 0  @aSnobbery@ethe American version@zeng
517 1  @a当代美国上流社会解读@9dang dai mei guo shang liu she hui jie du
606 0  @a社会问题@x研究@y美国@z现代
606 0  @a社会问题
690    @aD771.28@v5
690    @aD771.26@v4
701  0 @c(美)@a艾本斯坦@9ai ben si tan@c(Epatein, Joseph)@4著
702  0 @a晓荣@9xiao rong@4译
702  0 @a董欣梅@9dong xin mei@4译
801  0 @aCN@bTSSF@c20150120
905    @aZUCC@dD771.26@eJY50
    
    势利:当代美国上流社会解读=Snobbery:the American version/艾本斯坦(Epatein)著/晓荣,董欣梅译.-北京:社会科学文献出版社,2007
    241页;24cm
    ←并列题名:Snobbery:the American version
    
    ISBN 978-7-80230-542-7:CNY28.00
    本书通过对当代美国流行风尚的描写和调侃,呈现了当代美国文化生活的细致入微之处,揭露了存在于表象背后的运行机制——势利。书中观察延伸到了美国社会的方方面面,考察了美国流行风尚的演变,揭示了后现代社会中新的阶层划分标准。
●
相关链接 在E读中查询图书 在五车中查询图书 在当当中查询图书 在豆瓣中查询图书


正题名:势利     索取号:D771.26/JY50         预约/预借

序号 登录号 条形码 馆藏地/架位号 状态 备注
1 7836841   278368419   学院路分馆/ [索取号:D771.26/JY50] 在馆    
唐山师范学院图书馆 欢迎您!
大连网信软件有限公司© 版权所有